[Event "?"]
[Site "Berliner Sommer"]
[Date "1995.??.??"]
[Round "?"]
[White "Gipslis, Alvaris"]
[Black "Puschkeit, Peter"]
[Result "1-0"]
[WhiteElo "2445"]
[BlackElo "1990"]

1.e4 c6 2.d4 d5 3.exd5 cxd5 4.c4 Nf6 5.Nc3 e6 6.Nf3 Bb4 7.cxd5 Nxd5
8.Qc2 Nc6 9.Bd3 h6 10.O-O O-O 11.a3 Be7 12.Rd1 Bd7 13.Qe2 Re8 14.Qe4 Nf6
15.Qh4 Qa5 16.Bxh6 gxh6 17.d5 Nxd5 18.Qxh6 Nf6 19.Ng5 Ne5 20.Bh7+ Kh8
21.Bg6+ Kg8 22.Bxf7+ Nxf7 23.Qg6+ 1-0

[Event "?"]
[Site "Berliner Sommer [Fiedler"]
[Date "1995.??.??"]
[Round "?"]
[White "Zoler, Dan-Robert"]
[Black "Fiedler, Wolfgang"]
[Result "1-0"]
[WhiteElo "2415"]
[BlackElo "1965"]

1.e4 c5 2.Nf3 d6 3.Bb5+ Bd7 4.Bxd7+ Qxd7 5.c4 Nc6 6.Nc3 e6 7.O-O Be7
8.d4 cxd4 9.Nxd4 Rc8? {Fehlerhafter Plan, erst Entwicklung beenden,
z.B.:} (9...Nf6 10.f4 O-O 11.f5 Ne8) 10.Re1! Nxd4 11.Qxd4 Bf6
12.Qd3 Ne7?? {Chancenreicher 12...Bxc3, doch Weiss steht auch dann
besser.} 13.Nb5! O-O? {Unglaublicher Fehlgriff in verlorener
Situation. Unbedingt war noch 13....Rd8 angesagt - aber auf strategisch
verlorenem Posten.} 14.e5 {Hatte ich uebersehen - Motiv "traeges Abbild" -
Dame jetzt eingedeckt.Schwarz koennte aufgeben, bietet aber noch
chancenreiche Verwicklungen, die dem Gegner im Endspiel alles
abverlangt.Natuerlich reicht es nicht mehr.Weiss haette sicher forcierter
gewinnen koennen, spielt aber letztendlich den Rest der Partie mit
"Filigrantechnik".} 14...Bxe5 15.Rxe5 Rxc4 16.Rh5 g6 17.Qxc4 gxh5
18.Nxa7 Nf5 19.Bd2 d5 20.Qb5 Qxb5 21.Nxb5 Rc8 22.Rc1 Rxc1+ 23.Bxc1 Kg7
24.Bf4 Kf6 25.Nd6 e5 26.Nxf5 Kxf5 27.Bg3 Ke4 28.Kf1 f5 29.Ke2 d4
30.a4 Kd5 31.b3 e4 32.Bh4 Kc6 33.Bf6 Kc5 34.Be7+ Kc6 35.f3 Kd5
36.fxe4+ fxe4 37.h4 Ke6 38.Bf8 Kd5 39.a5 Kc6 40.Bg7 Kc5 41.b4+ Kc4
42.Bxd4 Kxd4 43.b5 Kc5 44.a6 bxa6 45.bxa6 Kb6 46.Ke3 Kxa6 47.Kxe4 1-0

[Event "?"]
[Site "Berliner Sommer"]
[Date "1995.??.??"]
[Round "?"]
[White "Hoppe, Frank"]
[Black "Heinbuch, Detlef"]
[Result "1/2-1/2"]
[WhiteElo "1905"]
[BlackElo "2355"]

1.d4 c5 2.d5 e5 3.c4 d6 4.Nc3 Be7 5.e4 Nf6 6.Bd3 O-O 7.Nge2 Ne8 8.O-O a6
9.a4 b6 10.f4 exf4 11.Bxf4 Bf6 12.Qc2 g6 13.Kh1 Ra7 14.Rae1 Ng7
15.Ng1 Nh5 16.Be3 Re8 17.Nf3 Nd7 18.Qd2 Ne5 19.Nxe5 Bxe5 20.Bg5 f6
21.Be3 Rf7 22.Ne2 Ng7 23.Bf4 f5 24.Bxe5 Rxe5 25.Ng3 Qe8 26.exf5 Bxf5
27.Rxe5 Qxe5 28.Bxf5 Nxf5 29.Nxf5 Rxf5 30.Re1 Rf4 31.h3 Re4 32.Rxe4 Qxe4
33.Qc3 Kf7 34.Qb3 Kf6 35.Qxb6 Qe1+ 36.Kh2 Qe5+ 37.Kh1 Qe1+ 1/2-1/2

[Event "?"]
[Site "Berliner Sommer"]
[Date "1995.??.??"]
[Round "?"]
[White "Harm, Joerg"]
[Black "Kalinichev, Sergey L"]
[Result "0-1"]
[WhiteElo "2020"]
[BlackElo "2470"]

1.e4 c5 2.Nc3 Nc6 3.g3 g6 4.Bg2 Bg7 5.d3 Rb8 6.f4 b5 7.e5 Nd4 8.Nf3 d6
9.exd6 exd6 10.O-O Ne7 11.Ne4 O-O 12.c3 Nxf3+ 13.Bxf3 b4 14.Qc2 Nf5
15.Bg2 Re8 16.g4 bxc3 17.bxc3 Nd4 18.Qd1 d5 19.Ng3 Nb5 20.Bd2 Nxc3
21.Bxc3 Bxc3 22.Rc1 Bd4+ 23.Kh1 Rb2 24.f5 Qh4 25.Qa4 Rf8 26.Rf3 Qg5
27.Rd1 Qxg4 28.fxg6 hxg6 29.Rdf1 Be6 30.Rf4 Qg5 31.Rxd4 cxd4 32.Qxd4 Rxa2
33.Rg1 Rc8 34.Nf1 Rc1 0-1

[Event "?"]
[Site "Berliner Sommer"]
[Date "1995.??.??"]
[Round "?"]
[White "Dimitrijeski, Kristian"]
[Black "Disselberger, A."]
[Result "1-0"]
[WhiteElo "2180"]
[BlackElo "1605"]

1.d4 Nf6 2.c4 e5 3.dxe5 Ng4 4.Bf4 Bc5 5.e3 d6 6.exd6 Bxd6 7.Bxd6 cxd6
8.Be2 Ne5 9.Nf3 O-O 10.O-O Nbc6 11.Nc3 Ne7 12.Nb5 Nf5 13.e4 Nxf3+
14.Bxf3 Nh4 15.Qxd6 Nxf3+ 16.gxf3 Bh3 17.Qxd8 Rfxd8 18.Rfd1 a6
19.Nc3 Rdc8 20.Nd5 Rxc4 21.Nf4 Be6 22.Nxe6 fxe6 23.Rac1 Rac8 24.Rxc4 Rxc4
25.Rd8+ Kf7 26.Rd7+ Kf6 27.Rxb7 Rc1+ 28.Kg2 Rc6 29.a4 h5 30.a5 Rc5
31.b4 Rg5+ 32.Kf1 h4 33.Rb6 h3 34.Rxa6 Rg2 35.Ra8 Rxh2 36.Rh8 Rh1+
37.Ke2 h2 38.a6 Rb1 39.a7 Rb2+ 40.Ke3 Ra2 41.Rxh2 Rxa7 42.Kd4 e5+
43.Kc5 Rc7+ 44.Kb6 Rc3 45.Rh3 Kg5 46.b5 Kf4 47.Kb7 g5 48.Rg3 Rc2
49.b6 Rxf2 50.Rh3 Rc2 51.Kb8 Rc3 52.Rh7 Rxf3 53.Rf7+ Kxe4 54.Rxf3 Kxf3
55.b7 e4 56.Kc7 e3 57.b8=Q e2 58.Qf8+ Kg2 59.Qe7 Kf1 60.Qf6+ Ke1
61.Qxg5 Kd1 62.Qd5+ Ke1 63.Kc6 Kf1 64.Qf3+ Ke1 65.Kd5 Kd1 66.Qd3+ Ke1
67.Kd4 Kf1 68.Qf3+ Ke1 69.Kd3 Kd1 1-0

[Event "?"]
[Site "Berliner Sommer"]
[Date "1995.??.??"]
[Round "?"]
[White "Bykhovsky, Anatoly A"]
[Black "Richter, Matthias"]
[Result "1-0"]
[WhiteElo "2425"]
[BlackElo "1975"]

1.e4 c5 2.Nf3 Nc6 3.d4 cxd4 4.Nxd4 Nf6 5.Nc3 d6 6.Be2 g6 7.Be3 Bg7
8.Qd2 O-O 9.h4 d5 10.exd5 Nxd5 11.Nxd5 Nxd4 12.Bxd4 Qxd5 13.Bxg7 Qxd2+
14.Kxd2 Kxg7 15.c4 Rd8+ 16.Kc3 e5 17.Rhd1 Be6 18.Bf3 Rac8 19.Rxd8 Rxd8
20.Bxb7 Rd4 21.b3 a5 22.Re1 Bf5 23.Re3 Kf6 24.g3 Bb1 25.a3 Ba2 26.Bd5 Bb1
27.b4 a4 28.b5 Rd1 29.Rf3+ Ke7 30.Rxf7+ Ke8 31.Kb4 Rxd5 32.cxd5 Kxf7
33.b6 1-0

[Event "?"]
[Site "Berliner Sommer"]
[Date "1995.??.??"]
[Round "?"]
[White "Eingorn, Vereslav S"]
[Black "Leusch, Gernot"]
[Result "1/2-1/2"]
[WhiteElo "2600"]
[BlackElo "2110"]

1.d4 d5 2.Nf3 Nf6 3.c4 c6 4.Nc3 e6 5.Bg5 dxc4 6.e4 b5 7.e5 h6 8.Bh4 g5
9.Nxg5 hxg5 10.Bxg5 Nbd7 11.g3 Qb6 12.exf6 Bb7 13.Bg2 O-O-O 14.O-O c5
15.d5 b4 16.Na4 Qa6 17.a3 Ne5 18.Qe2 Bxd5 19.Qxe5 Bxg2 20.Kxg2 Qc6+
21.f3 Qxa4 22.Qe4 Rd5 23.axb4 Qxb4 24.Rf2 a5 25.Bf4 Bh6 26.Be5 Bd2
27.Ra3 c3 28.Bxc3 Bxc3 29.Rxc3 Rhd8 30.h4 Kc7 31.Qe3 R8d6 32.Rfc2 Rc6
33.Rc4 Qb6 34.g4 Kb7 35.h5 Qd8 36.h6 Qxf6 37.Rf4 Qg6 38.Qe4 f5
39.Qc4 Qxh6 40.Kg3 Qh1 41.Rc1 Qh6 42.Rd1 Rxd1 43.Qb3+ Kc7 44.Qxd1 Rd6
45.Qa4 Qh1 46.Qxa5+ Kc6 47.Qa8+ Kc7 48.Qa5+ Kc6 49.Qa8+ Kc7 1/2-1/2

[Event "?"]
[Site "Berliner Sommer"]
[Date "1995.??.??"]
[Round "?"]
[White "Chernyshov, Konstantin"]
[Black "Opalka, Guido"]
[Result "1-0"]
[WhiteElo "2505"]
[BlackElo "2105"]

1.e4 d6 2.d4 Nf6 3.Nc3 g6 4.Bg5 Bg7 5.Qd2 h6 6.Bf4 Nh5 7.Be3 Nc6 8.Be2 e5
9.dxe5 Nxe5 10.O-O-O Ng4 11.Bxg4 Bxg4 12.f3 Be6 13.Nge2 Qd7 14.g4 Nf6
15.h4 Qc6 16.Nd4 Qc4 17.Ncb5 Qxa2 18.Nxc7+ Kd7 19.Qb4 Kxc7 20.Nb5+ Kd8
21.Nxd6 Nd7 22.Nxf7+ Ke8 23.Nd6+ Kf8 24.Nf5+ Kg8 25.Nxg7 Kxg7 26.Bd4+ Kg8
27.Bxh8 Kxh8 28.Kd2 Rf8 29.Ke3 Rf7 30.Ra1 Qc4 31.Qxc4 Bxc4 32.Rxa7 Ba6
33.f4 g5 34.hxg5 Nc5 35.b4 Na4 36.Rxh6+ Kg7 37.f5 Nb2 38.Rg6+ Kf8
39.Ra8+ Ke7 40.Re6+ Kd7 41.g6 Rg7 42.Rexa6 1-0

[Event "?"]
[Site "Berliner Sommer"]
[Date "1995.??.??"]
[Round "?"]
[White "Brodsky, Michail"]
[Black "Linde, Wolfgang"]
[Result "1-0"]
[WhiteElo "2555"]
[BlackElo "2080"]

1.e4 c6 2.d4 d5 3.exd5 cxd5 4.c4 Nf6 5.Nc3 e6 6.Nf3 Bb4 7.Bd3 O-O
8.O-O dxc4 9.Bxc4 b6 10.Bg5 Bb7 11.Rc1 Nc6 12.a3 Be7 13.Qd3 Rc8
14.Rcd1 Nd5 15.Bxd5 Bxg5 16.Be4 f5 17.Bxc6 Bxc6 18.Rfe1 Re8 19.d5 exd5
20.Rxe8+ Bxe8 21.Qxf5 Bf6 22.Nxd5 Kh8 23.Re1 Bg6 24.Qe6 Bxb2 25.Ne7 Rc1
26.Nxg6+ hxg6 27.a4 Rxe1+ 28.Nxe1 Qd1 29.g3 Qxa4 30.Qxg6 Qa1 31.Qe8+ Kh7
32.Qe4+ Kg8 33.Kg2 Bf6 34.Nf3 Qa5 35.g4 Kf7 36.h4 g6 37.Qc4+ Kg7
38.Qc7+ Kg8 39.Qc6 Kf7 40.Qd7+ Kg8 41.Qe6+ Kg7 42.h5 gxh5 43.g5 1-0

[Event "?"]
[Site "Berliner Sommer"]
[Date "1995.??.??"]
[Round "?"]
[White "Fuellgrabe, Thomas"]
[Black "Bagirov, Vladimir"]
[Result "0-1"]
[WhiteElo "2240"]
[BlackElo "2530"]

1.e4 Nf6 2.e5 Nd5 3.c4 Nb6 4.d4 d6 5.exd6 cxd6 6.d5 e5 7.Nc3 a5 8.Nf3 Na6
9.Be2 Be7 10.O-O O-O 11.b3 Bf5 12.Be3 Nd7 13.Bd3 Bxd3 14.Qxd3 f5
15.Qe2 Bf6 16.Nb5 Qe7 17.Rab1 Rae8 18.Qc2 g6 19.a3 e4 20.Nfd4 Ndc5
21.Bd2 f4 22.b4 axb4 23.axb4 Nd3 24.Ne6 f3 25.gxf3 Be5 26.Bg5 Qf7
27.fxe4 Qf3 28.Qb3 Qg4+ 29.Kh1 Qh3 0-1

[Event "?"]
[Site "Berliner Sommer"]
[Date "1995.??.??"]
[Round "?"]
[White "Greenfeld, Alon"]
[Black "Poppner, Dietmar"]
[Result "1-0"]
[WhiteElo "2570"]
[BlackElo "2090"]

1.d4 d5 2.c4 e6 3.Nf3 c5 4.cxd5 exd5 5.g3 Nc6 6.Bg2 Nf6 7.O-O Be7
8.Nc3 O-O 9.Bg5 c4 10.Ne5 h6 11.Bxf6 Bxf6 12.Nxc6 bxc6 13.b3 cxb3
14.axb3 Qb6 15.e3 Rb8 16.Na4 Qxb3 17.Qxb3 Rxb3 18.Rfc1 Be6 19.Rxc6 Rfb8
20.Nc3 a5 21.h4 a4 22.Nxd5 Rb1+ 23.Rxb1 Rxb1+ 24.Kh2 Rb2 25.Nxf6+ gxf6
26.d5 Bd7 27.Rc7 Bf5 28.Ra7 Rxf2 29.Rxa4 Rd2 30.Rf4 Bc8 31.Rxf6 Kg7
32.Rf4 Bb7 33.e4 Kf8 34.g4 Ke7 35.Kg3 f6 36.Rf1 Rd3+ 37.Kf4 Rd2
38.Bf3 Rb2 39.Rc1 Kd6 40.Rc3 Rf2 41.Kf5 Rh2 1-0

[Event "?"]
[Site "Berliner Sommer"]
[Date "1995.??.??"]
[Round "?"]
[White "Goletiani, Rusudan"]
[Black "Ionov, Sergey"]
[Result "1/2-1/2"]
[WhiteElo "2165"]
[BlackElo "2525"]

1.Nf3 Nf6 2.b3 d5 3.Bb2 Bg4 4.e3 Nbd7 5.Be2 e6 6.O-O Bd6 7.d4 c6
8.Ne5 Bxe2 9.Qxe2 Qc7 10.Nxd7 Nxd7 11.h3 O-O 12.Nd2 f5 13.c4 Rae8
14.f4 Nf6 15.Rac1 h6 16.g3 Qf7 17.Kh2 g5 18.a3 Kh7 19.b4 Rg8 20.Rg1 Rg7
21.Rg2 Reg8 22.Rcg1 a6 23.Bc3 Rg6 24.a4 Qg7 25.c5 Bc7 26.Kh1 Qd7
27.Bb2 R6g7 28.Bc1 Qe8 29.Kh2 Qg6 30.Kh1 Qf7 31.Kh2 h5 32.Kh1 Qd7
33.Nf3 g4 34.Ng5+ Kg6 35.h4 Ra8 36.Ba3 Rgg8 37.Rb1 Rgb8 38.Qd3 Bd8
39.Rgb2 1/2-1/2

[Event "?"]
[Site "Berliner Sommer"]
[Date "1995.??.??"]
[Round "?"]
[White "Hermannsdoerfer, Frank"]
[Black "Kruppa, Yuri"]
[Result "0-1"]
[WhiteElo "2085"]
[BlackElo "2570"]

1.c4 g6 2.Nc3 c5 3.Nf3 Bg7 4.g3 Nc6 5.Bg2 e6 6.O-O Nge7 7.d3 O-O 8.Bd2 b6
9.Rb1 Bb7 10.a3 d6 11.b4 Qd7 12.bxc5 dxc5 13.Qc1 Nd4 14.Nxd4 cxd4
15.Ne4 Rab8 16.a4 f5 17.Ng5 Bxg2 18.Kxg2 e5 19.Bb4 h6 20.Nf3 Rf7
21.Bxe7 Rxe7 22.Rb5 e4 23.Nh4 Qc6 24.Kg1 Rbe8 25.c5 Rc7 26.Qc4+ Kh7
27.Rc1 Qf6 28.a5 bxc5 29.Rxc5 Rxc5 30.Qxc5 f4 31.dxe4 Rxe4 32.Qc2 Qe6
33.Re1 fxg3 34.hxg3 Rxh4 35.gxh4 Qg4+ 36.Kh1 Qh3+ 37.Kg1 Bf6 38.e3 d3 0-1

[Event "?"]
[Site "Berliner Sommer"]
[Date "1995.??.??"]
[Round "?"]
[White "Weclawski, Doris"]
[Black "Wahls, Matthias"]
[Result "1/2-1/2"]
[WhiteElo "2080"]
[BlackElo "2550"]

1.d4 Nf6 2.Nf3 e6 3.Bg5 h6 4.Bh4 c5 5.e3 cxd4 6.exd4 b6 7.Nbd2 Be7
8.Bd3 Ba6 9.Bxa6 Nxa6 10.c3 O-O 11.O-O Nc7 12.Re1 d6 13.Qe2 Qd7 14.Nf1 b5
15.Rad1 Ncd5 16.Bg3 Rfc8 17.N1d2 Bf8 18.Rc1 Nb6 19.Ne4 Nfd5 20.Red1 f5
21.Ned2 f4 22.Bh4 Re8 23.Ne4 g5 24.Bxg5 hxg5 25.Nfxg5 Bh6 26.Qh5 Qg7
27.Rd3 Bxg5 28.Nxg5 Nf6 29.Qh4 Nbd5 30.Rh3 e5 31.dxe5 Rxe5 32.Nf3 Rh5
33.Qxh5 Nxh5 34.Rxh5 Qf7 35.Rg5+ Kh8 36.Rd1 Nf6 37.Rxd6 Qe7 38.Ne5 Rg8
39.Rf5 Nh7 40.Rd7 Qe8 41.Nf7+ Kg7 42.Ne5+ Kh6 43.Rd6+ Kg7 44.Rd7+ Kh8
45.Nf7+ Kg7 1/2-1/2

[Event "?"]
[Site "Berliner Sommer"]
[Date "1995.??.??"]
[Round "?"]
[White "Joergens, Sven"]
[Black "Rogozenko, Dorin"]
[Result "0-1"]
[WhiteElo "1990"]
[BlackElo "2440"]

1.e4 c5 2.Nf3 e6 3.d4 cxd4 4.Nxd4 Nf6 5.Nc3 Nc6 6.Ndb5 d6 7.Bf4 e5
8.Bg5 a6 9.Na3 b5 10.Nd5 Be7 11.Bxf6 Bxf6 12.c3 Rb8 13.Nc2 Bg5 14.a4 bxa4
15.Rxa4 Rxb2 16.Bxa6 Be6 17.O-O O-O 18.Na3 Rd2 19.Qb3 Bxd5 20.exd5 Ne7
21.Bb7 Qc7 22.Rb4 Rd3 23.Nb1 Rb8 24.Qa4 g6 25.c4 e4 26.Ba6 Ra8 27.Qa2 Nf5
28.Ra4 e3 29.fxe3 Bxe3+ 30.Kh1 Qe7 31.Qc2 Qh4 32.g3 Nxg3+ 33.Kg2 Qe4+
34.Kxg3 Bf4+ 35.Kf2 Rf3+ 0-1

[Event "?"]
[Site "Berliner Sommer"]
[Date "1995.??.??"]
[Round "?"]
[White "Virnik, Elena"]
[Black "Bjerring, Kai"]
[Result "1-0"]
[WhiteElo "1900"]
[BlackElo "2350"]

1.e4 Nf6 2.e5 Nd5 3.c4 Nb6 4.d4 d6 5.f4 dxe5 6.fxe5 Nc6 7.Be3 Bf5 8.Nc3 e6
9.Nf3 Bb4 10.Be2 Na5 11.O-O Nbxc4 12.Bxc4 Nxc4 13.Qa4+ Qd7 14.Qxb4 Nxe3
15.Qxb7 O-O 16.Rf2 Bd3 17.Qb3 Rab8 18.Qa4 c6 19.Rc1 Rb6 20.Rd2 Bg6
21.b3 Bh5 22.Ng5 Rfb8 23.Nge4 Rb4 24.Nc5 Qd8 25.Qxa7 Ra8 26.Qd7 Qxd7
27.Nxd7 Rd8 28.Nc5 Rbxd4 29.Rxd4 Rxd4 30.h3 Rd2 31.g4 Bg6 32.N5e4 Rg2+
33.Kh1 Bxe4 34.Nxe4 Rxa2 35.Rxc6 h6 36.Nd6 Rf2 37.b4 h5 38.gxh5 Nd5
39.b5 Kh7 40.b6 Nxb6 41.Rxb6 Kh6 42.Rb7 f6 43.Re7 Re2 44.Nf5+ Kxh5
(44...Kg5 45.Rxg7+ Kxf5 46. h6 Re4 47.Rg4 Rxg4 48.hxg4+ Kg6 49.exf6)
45.Ng3+ 1-0

[Event "?"]
[Site "Berliner Sommer"]
[Date "1995.??.??"]
[Round "?"]
[White "Lochte, Szilvia"]
[Black "Wells, Peter K"]
[Result "0-1"]
[WhiteElo "2050"]
[BlackElo "2545"]

1.e4 c5 2.d4 cxd4 3.c3 dxc3 4.Nxc3 Nc6 5.Nf3 d6 6.Bc4 a6 7.O-O Nf6
8.e5 dxe5 9.Qxd8+ Nxd8 10.Nxe5 e6 11.Rd1 Nd7 12.Nf3 Be7 13.Bf4 O-O
14.Ne4 Nc6 15.Bd6 Nb6 16.Bb3 Bxd6 17.Rxd6 Rd8 18.Rad1 Rxd6 19.Nxd6 h6
20.Ne4 Kf8 21.Nc5 Ke7 22.Nd2 Nd7 23.Nde4 Nxc5 24.Nxc5 b6 25.Ne4 Na5
26.Ba4 b5 27.Bc2 Nb7 28.b4 Bd7 29.Kf1 Rc8 30.Rd2 f5 31.Ng3 Rc4 32.Re2 g6
33.h4 h5 34.a3 Nd6 0-1

[Event "?"]
[Site "Berliner Sommer"]
[Date "1995.??.??"]
[Round "?"]
[White "Kiselev, Sergey"]
[Black "Plump, Detlef Dr."]
[Result "1-0"]
[WhiteElo "2505"]
[BlackElo "2105"]

1.d4 Nf6 2.c4 e6 3.Nf3 b6 4.g3 Ba6 5.b3 Bb4+ 6.Bd2 Be7 7.Bg2 O-O 8.O-O d5
9.cxd5 exd5 10.Nc3 Nbd7 11.Ne5 Bb7 12.Bf4 a6 13.Rc1 Re8 14.Rc2 Bd6
15.Nd3 Qe7 16.Qc1 Ne4 17.Na4 b5 18.Nab2 a5 19.Bh3 c6 20.Bxd6 Qxd6
21.Qf4 Qxf4 22.gxf4 Ndf6 23.Ne5 a4 24.Nbd3 axb3 25.axb3 Ra3 26.Rb1 Rea8
27.f3 Nd6 28.Nxc6 Ra2 29.Rbc1 Rxc2 30.Rxc2 Ra1+ 31.Kf2 Rb1 32.Na5 g6
33.Rc7 Ba8 34.Ra7 1-0

[Event "?"]
[Site "Berliner Sommer"]
[Date "1995.??.??"]
[Round "?"]
[White "Todor, Razvan"]
[Black "Lerner, Konstantin Z"]
[Result "0-1"]
[WhiteElo "2115"]
[BlackElo "2605"]

1.c4 c5 2.Nc3 g6 3.g3 Bg7 4.Bg2 Nc6 5.e3 Nh6 6.Nge2 Nf5 7.Rb1 O-O 8.b3 d6
9.Bb2 Rb8 10.O-O Bd7 11.Nd5 Bxb2 12.Rxb2 b5 13.cxb5 Rxb5 14.d4 c4
15.Qc2 e6 16.Ndc3 cxb3 17.Rxb3 Rxb3 18.Qxb3 d5 19.Qa3 Qa5 20.Qxa5 Nxa5
21.Rb1 Rc8 22.Bh3 Ne7 23.Kf1 Kg7 24.Ke1 Rc7 25.Kd2 Nc4+ 26.Kd3 e5
27.Nxd5 Nxd5 28.Bxd7 e4+ 0-1

[Event "?"]
[Site "Berliner Sommer"]
[Date "1995.??.??"]
[Round "?"]
[White "Lindemann, Christian"]
[Black "Malisauskas, Vidmantas"]
[Result "0-1"]
[WhiteElo "2125"]
[BlackElo "2510"]

1.e4 c5 2.Nf3 d6 3.c3 Nf6 4.d3 Nc6 5.g3 g6 6.Bg2 Bg7 7.O-O O-O 8.Re1 e5
9.Na3 h6 10.Nc2 d5 11.exd5 Nxd5 12.Ne3 Be6 13.Nc4 Qc7 14.a4 Rad8
15.Qc2 Rfe8 16.a5 f5 17.Nfd2 Bf7 18.a6 b6 19.Na3 Qd7 20.Qa4 Nde7
21.Nb5 Kh7 22.Nc4 Qxd3 23.Ncd6 Rxd6 24.Bf1 Qd5 25.Bc4 Qxc4 26.Qxc4 Bxc4
27.Nxd6 Bf7 28.Nxf7 Nc8 29.f4 e4 30.Be3 Re7 31.Ne5 Bxe5 32.fxe5 Nxe5
33.Red1 Nd3 34.b4 c4 35.h4 g5 36.hxg5 hxg5 37.Rf1 Kg6 38.b5 Nd6
39.Rfb1 Re8 40.Ra2 f4 41.gxf4 gxf4 42.Rg2+ Kf5 43.Rf1 Nxb5 44.Bxf4 Nxf4
45.Rgf2 Rg8+ 0-1

[Event "?"]
[Site "Berliner Sommer"]
[Date "1995.??.??"]
[Round "?"]
[White "Otte, Marco"]
[Black "Kuporosov, Viktor"]
[Result "0-1"]
[WhiteElo "2065"]
[BlackElo "2495"]

1.c4 Nf6 2.Nc3 e5 3.g3 Bb4 4.Nd5 Nxd5 5.cxd5 O-O 6.Nf3 e4 7.Nd4 c6
8.dxc6 dxc6 9.Nc2 Bc5 10.Bg2 Re8 11.O-O Bf5 12.b4 Bb6 13.Bb2 Bg6
14.Kh1 Nd7 15.Ne3 Qg5 16.Qb3 Rad8 17.a4 Ne5 18.Bc3 Qh5 19.Rae1 Nf3
20.exf3 exf3 21.g4 fxg2+ 22.Kxg2 Qh4 23.h3 Bd3 24.Rg1 Be4+ 25.f3 Bc7 0-1

[Event "?"]
[Site "Berliner Sommer"]
[Date "1995.??.??"]
[Round "?"]
[White "Curic, Ante"]
[Black "Burmakin, Vladimir"]
[Result "1/2-1/2"]
[WhiteElo "2080"]
[BlackElo "2500"]

1.e4 c6 2.d4 d6 3.c4 e5 4.d5 f5 5.Bd3 fxe4 6.Bxe4 Nf6 7.Nc3 Nxe4
8.Nxe4 Qh4 9.Qe2 cxd5 10.cxd5 Bf5 11.Nc3 Nd7 12.Nf3 Qh5 13.Nd4 Qxe2+
14.Ndxe2 Be7 15.Be3 O-O 16.Ng3 Bg6 17.Nge4 a6 18.f3 b5 19.a3 Nf6
20.Ke2 Rfc8 21.Rac1 Rc7 22.Nxf6+ gxf6 23.Bb6 Rc4 24.b3 Rcc8 25.g4 Rab8
26.Ba5 f5 27.gxf5 Bxf5 28.Ne4 Rxc1 29.Rxc1 Rc8 30.Rxc8+ Bxc8 31.Bc7 Bb7
32.Bxd6 Bxd6 33.Nxd6 Bxd5 34.b4 Kg7 35.Nf5+ Kf6 36.Ne3 Bc6 37.Kf2 Kg5
38.Kg3 Bb7 39.h4+ Kg6 1/2-1/2

[Event "?"]
[Site "Berliner Sommer"]
[Date "1995.??.??"]
[Round "?"]
[White "Miersch, Marco"]
[Black "Novikov, Igor A"]
[Result "0-1"]
[WhiteElo "2095"]
[BlackElo "2580"]

1.e4 c5 2.Nf3 d6 3.d4 cxd4 4.Nxd4 Nf6 5.Nc3 a6 6.Bg5 e6 7.Qd2 Be7
8.Be2 Qc7 9.O-O-O Nbd7 10.f4 b5 11.Bf3 Bb7 12.Rhe1 h6 13.Bh4 b4
14.Nb1 Rc8 15.e5 dxe5 16.Bxb7 Qxb7 17.fxe5 Nd5 18.Bxe7 Nxe7 19.a3 a5
20.Qe2 Nc5 21.axb4 axb4 22.Nd2 O-O 23.g4 Rfd8 24.N2b3 Qa7 25.Kb1 Ra8
26.Qc4 Nxb3 27.Nxb3 Qa2+ 28.Kc1 0-1

[Event "?"]
[Site "Berliner Sommer"]
[Date "1995.??.??"]
[Round "?"]
[White "Macgilchrist, Sigrun"]
[Black "Zagorskis, Darius"]
[Result "0-1"]
[WhiteElo "2145"]
[BlackElo "2520"]

1.e4 c5 2.Nf3 d6 3.Bb5+ Nd7 4.O-O Ngf6 5.e5 dxe5 6.Nxe5 a6 7.Bxd7+ Nxd7
8.d4 e6 9.Nxd7 Bxd7 10.Be3 cxd4 11.Bxd4 Bc6 12.c4 Qg5 13.g3 Rd8
14.Be3 Qf5 15.Qe2 Bf3 16.Qe1 0-1

[Event "?"]
[Site "Berliner Sommer"]
[Date "1995.??.??"]
[Round "?"]
[White "Schlitter, Achim"]
[Black "Ivanov, Sergey"]
[Result "0-1"]
[WhiteElo "2025"]
[BlackElo "2545"]

1.e4 e6 2.d4 d5 3.Nc3 Bb4 4.e5 c5 5.a3 Bxc3+ 6.bxc3 Ne7 7.Qg4 O-O
8.Nf3 Nbc6 9.Bd3 f5 10.exf6 Rxf6 11.Bg5 e5 12.Bxh7+ Kxh7 13.Qh5+ Kg8
14.Bxf6 gxf6 15.dxe5 Qf8 16.exf6 Qxf6 17.Qg5+ Kf7 18.Qh5+ Kg7 19.Qg5+ Ng6
20.Qxf6+ Kxf6 21.O-O-O Nf4 22.Ne1 Bf5 23.g3 Nh3 24.Rf1 d4 25.cxd4 Nxd4
26.c3 Nb5 27.Kb2 Re8 28.Rd2 Re6 29.Ng2 Rb6 30.Ne3 Nd4+ 31.Ka2 Be6+
32.c4 Rd6 33.Kb2 Ng5 34.f4 Ne4 35.Rd3 b5 36.Rc1 bxc4 37.Nxc4 Rd8
38.a4 Rh8 39.h4 Ne2 40.Nd6 Rb8+ 41.Kc2 Nxd6 42.Rxd6 Nxc1 43.Kxc1 Rg8
44.Rd3 c4 45.Re3 Rb8 46.Re5 Rc8 47.Ra5 c3 48.Rxa7 Rg8 49.Rc7 Rxg3
50.Kc2 Bf5+ 51.Kb3 c2+ 52.Kb2 Rg1 53.Rxc2 Bxc2 54.Kxc2 Rg4 0-1

[Event "?"]
[Site "Berliner Sommer"]
[Date "1995.??.??"]
[Round "?"]
[White "Krakops, Maris"]
[Black "Hagenstein, Frank"]
[Result "1-0"]
[WhiteElo "2525"]
[BlackElo "2145"]

1.e4 Nf6 2.e5 Nd5 3.d4 d6 4.Nf3 Bg4 5.Be2 c6 6.O-O Bxf3 7.Bxf3 dxe5
8.dxe5 e6 9.Nd2 Nd7 10.Re1 Qc7 11.Nc4 N7b6 12.Qd4 Nxc4 13.Qxc4 O-O-O
14.a3 Kb8 15.Bd2 h6 16.Rad1 g5 17.Qe4 Ne7 18.Qa4 Bg7 19.Ba5 b6 20.Bb4 Nc8
21.Bxc6 Bxe5 22.g3 h5 23.Bg2 f5 24.Qb3 Rxd1 25.Rxd1 Rd8 26.Rxd8 Qxd8
27.Qf3 Qd7 28.Qxh5 g4 29.Qh6 Bxb2 30.Qe3 a5 31.Bd2 Bd4 32.Qd3 Kc7
33.Qc4+ Kd8 34.Bg5+ Ke8 1-0

[Event "?"]
[Site "Berliner Sommer"]
[Date "1995.??.??"]
[Round "?"]
[White "Guenther, Thomas"]
[Black "Kovalev, Andrej"]
[Result "0-1"]
[WhiteElo "1970"]
[BlackElo "2505"]

1.d4 Nf6 2.Nf3 g6 3.Bg5 Bg7 4.Nbd2 d5 5.e3 c5 6.Be2 Nc6 7.c3 Qb6
8.Qb3 Qxb3 9.axb3 b6 10.Bb5 Bd7 11.O-O h6 12.Bf4 Nh5 13.Bxc6 Bxc6
14.Be5 f6 15.Bg3 Nxg3 16.fxg3 cxd4 17.exd4 Kd7 18.Nh4 g5 19.Nf5 Bf8
20.g4 h5 21.Ne3 a5 22.Nf3 e6 23.gxh5 Rxh5 24.Ng4 Be7 25.Ne1 Rf8
26.Nc2 Kd6 27.Rf2 Bb5 28.Re1 Bd3 29.Nce3 b5 30.Rd1 Be4 31.Nf1 Rh4
32.Nge3 f5 33.Nd2 f4 34.Nef1 g4 35.g3 {weiter unleserlich} 0-1

[Event "?"]
[Site "Berliner Sommer"]
[Date "1995.??.??"]
[Round "?"]
[White "Beshukov, Sergei"]
[Black "Nizhegorodova, Marina"]
[Result "1/2-1/2"]
[WhiteElo "2500"]
[BlackElo "2085"]

1.e4 e6 2.Qe2 c5 3.Nf3 Nc6 4.g3 g6 5.Bg2 Bg7 6.O-O Nge7 7.d3 O-O 8.c3 d5
9.e5 b5 10.Nbd2 Qc7 11.Re1 b4 12.c4 a5 13.Nf1 Ba6 14.Bf4 dxc4
15.dxc4 Rfd8 16.N1d2 Nf5 17.Rac1 Bb7 18.g4 Nfd4 19.Nxd4 Nxd4 20.Qe3 Bxg2
21.Kxg2 Qc6+ 22.Ne4 f5 23.exf6 Bxf6 24.f3 Bh4 25.Rf1 Be7 26.Be5 Qa4
27.a3 bxa3 28.bxa3 Nc2 29.Qc3 Nd4 30.Rb1 Qc2+ 31.Qxc2 Nxc2 32.Rb3 a4
33.Rc3 Nd4 34.Rb1 Nb3 35.Kg3 Rd7 36.h4 Rad8 37.Re3 Rd3 38.Rbe1 Rxe3
39.Rxe3 Rd1 40.Nc3 Rg1+ 41.Kh3 Rh1+ 42.Kg2 Rc1 43.h5 Kf7 44.Nxa4 Nd2
45.hxg6+ hxg6 46.Bb2 Rxc4 47.Nc3 Bf6 48.Rd3 Nb1 49.Nxb1 Bxb2 50.Kf2 Rc1
51.Nd2 c4 52.Rd7+ Ke8 53.Rc7 Rc2 54.Rxc4 Rxd2+ 55.Ke3 Rd7 56.a4 Ke7
57.f4 Rd1 58.Rb4 Bc1+ 59.Kf3 Rd3+ 60.Ke4 Re3+ 61.Kd4 1/2-1/2

[Event "?"]
[Site "Berliner Sommer"]
[Date "1995.??.??"]
[Round "?"]
[White "Dizdar, Goran"]
[Black "Tchikadze, Vladimir"]
[Result "1/2-1/2"]
[WhiteElo "2535"]
[BlackElo "2260"]

1.Nf3 f5 2.g3 Nf6 3.Bg2 g6 4.b3 Bg7 5.Bb2 O-O 6.O-O d6 7.d4 c6 8.c4 a5
9.Nbd2 Na6 10.Qc2 Qb6 11.Bc3 Bd7 12.Ne1 Rae8 13.Nd3 Nb4 14.Bxb4 axb4
15.c5 Qb5 16.Nc4 Ne4 17.a4 Qa6 18.Rad1 Qa7 19.Nb6 Be6 20.Nf4 Rf6
21.Nxe6 Rxe6 22.Qc4 d5 23.Qxb4 Nf6 24.Rfe1 h5 25.Qd2 Kh7 26.b4 Bh6
27.e3 h4 28.gxh4 Qb8 29.f4 Qc7 30.a5 Ng4 31.Bf3 Nxe3 32.Rxe3 Bxf4
33.Rde1 Rxe3 34.Rxe3 e5 35.Qe1 Bxe3+ 36.Qxe3 f4 37.Qd2 e4 38.Bg4 Qg7
39.Qxf4 Qf8 40.Qe3 Qf6 41.Bh3 Qxh4 42.Bg2 Qh5 43.Qh3 e3 44.Qxh5+ gxh5
45.Bf1 Rg8+ 46.Kh1 h4 47.b5 cxb5 48.Bxb5 Rg4 49.Nxd5 Rxd4 50.Nxe3 Rd8
51.a6 bxa6 52.Bxa6 Re8 53.Nf5 Re1+ 54.Kg2 1/2-1/2

[Event "?"]
[Site "Berliner Sommer"]
[Date "1995.??.??"]
[Round "?"]
[White "Muschik, Benedikt"]
[Black "Ruzele, Darius"]
[Result "0-1"]
[WhiteElo "2105"]
[BlackElo "2505"]

1.d4 e6 2.c4 Nf6 3.Nf3 d5 4.Nc3 c6 5.Bg5 h6 6.Bxf6 Qxf6 7.e3 Nd7 8.Qc2 Bd6
9.O-O-O Qe7 10.g4 a6 11.h4 b5 12.c5 Bc7 13.h5 Nf6 14.Nh4 e5 15.Nf5 Bxf5
16.Qxf5 Qe6 17.Qc2 e4 18.Bh3 Qe7 19.Rdg1 Nh7 20.Ne2 O-O 21.Re1 Ng5
22.Ng1 a5 23.Bg2 Qe6 24.Qe2 a4 25.Nh3 Nh7 26.Reg1 Rae8 27.Bf1 Bd8
28.Qd2 Qd7 29.Kb1 Qa7 30.Be2 Bg5 31.Bd1 Ra8 32.Rf1 Rfe8 33.f4 exf3
34.Rxf3 Qa5 35.Qd3 Re4 36.Nf2 Rae8 37.Bc2 Nf8 38.Nd1 R4e7 39.Rhf1 Ra8
40.Qe2 Raa7 41.Bf5 Ne6 42.Qd3 Bf6 43.Bh7+ Kh8 44.Rxf6 gxf6 45.Rxf6 Qd8
46.Bf5 Kg7 47.g5 hxg5 48.Bxe6 Rxe6 49.Rxe6 fxe6 50.Qg6+ Kh8 51.Qxe6 Qf8
52.Kc1 b4 53.Qxc6 Qf5 54.Qe8+ Kh7 55.Qb8 Rf7 56.Qxb4 g4 57.c6 Qe6
58.Qxa4 Rc7 59.Kd2 g3 60.Nc3 g2 61.Qd1 Re7 62.Qg1 Qf5 63.Ne2 Rc7
64.Qxg2 Rxc6 65.Qg3 Qb1 66.Qg2 Rc2+ 67.Kd3 Qd1# 0-1